| 000 | 00733nam a2200241Ia 4500 | ||
|---|---|---|---|
| 005 | 20260430150217.0 | ||
| 008 | 008 250103s9999 xx 000 0 eng d | ||
| 037 | _aTheses | ||
| 040 | _aCRL | ||
| 040 | _beng | ||
| 040 | _ceng | ||
| 041 | _2eng | ||
| 041 | _aeng | ||
| 084 | _qCRL | ||
| 100 |
_aDahiya Priyanka Au.; Rai Umesh Gu.; Mazumder Shibnath Gu. _91236804 |
||
| 245 | 0 | _aTo study the role of store operated calcium entry (STIM1/Orail) signalling in mycobacterium fortuitum induced pathogenesis in clarias gariepinus | |
| 260 | _c2021 | ||
| 300 | _a102p. | ||
| 650 | _aZoology | ||
| 700 |
_aUniversity of Delhi. Faculty of Science. Depatment of Zoology _91236805 |
||
| 942 | _cTH | ||
| 999 |
_c1849225 _d1849225 |
||